| 000 | 00531nam a2200181 4500 | ||
|---|---|---|---|
| 001 | 21387 | ||
| 005 | 20230410115408.0 | ||
| 008 | 060907n2004 dr spa | ||
| 035 | _9funglode21546 | ||
| 041 | _aES | ||
| 050 | 1 | 4 | _aHD 3462 M538a 2004 |
| 100 | _aMéndez, Rafael | ||
| 245 | 1 |
_aApuntes basicos de cooperativismo moderno : _bpropuesta alternativa para un modelo económico / _cRafael Méndez |
|
| 250 | _a4 | ||
| 260 |
_aSanto Domingo : _bImp. Editora Símbolo, _c2004 |
||
| 300 | _a128 p. | ||
| 942 |
_2lcc _cbk |
||
| 999 |
_c40302 _d40302 |
||